La paz de Cuba / (Record no. 152960)

MARC details
000 -LEADER
campo de control de longitud fija 01356nam a2200253 i 4500
001 - NÚMERO DE CONTROL
campo de control 152960
003 - IDENTIFICADOR DE NÚMERO DE CONTROL
campo de control ES-MaACL
005 - FECHA Y HORA DE LA ÚLTIMA TRANSACCIÓN
campo de control 20231221150406.0
008 - DATOS DE LONGITUD FIJA--INFORMACIÓN GENERAL
campo de control de longitud fija 980728s1878 sp |||| | spa d
100 1# - ENTRADA PRINCIPAL--NOMBRE DE PERSONA
Nombre de persona Cánovas del Castillo, Antonio,
Fechas asociadas al nombre 1828-1897
9 (RLIN) 34600
245 13 - MENCIÓN DEL TÍTULO
Título La paz de Cuba /
Mención de responsabilidad, etc. discursos pronunciados por los Excmos. Señores Don Antonio Cánovas del Castillo, presidente del Consejo de Ministros, y Don José Elduayen, ministro de Ultramar, en la sesión celebrada en el Congreso de los Diputados el día 8 de mayo de 1878.
260 ## - PUBLICACIÓN, DISTRIBUCIÓN, ETC.
Lugar de publicación, distribución, etc. Madrid :
Nombre del editor, distribuidor, etc. [s.n.],
Fecha de publicación, distribución, etc. 1878 (
Fabricante Imp. de Manuel Ginés Hernández)
300 ## - DESCRIPCIÓN FÍSICA
Extensión 80 p. ;
Dimensiones 19 cm.
510 4# - NOTA DE CITAS O REFERENCIAS BIBLIOGRÁFICAS
Nombre de la fuente Palau,
Localización dentro de la fuente t. III, 42465
530 ## - NOTA DISPONIBLE DE FORMULARIO FÍSICO ADICIONAL
Nota de formato físico adicional disponible Disponible en formato digital.
651 #4 - PUNTO DE ACCESO ADICIONAL DE MATERIA--NOMBRE GEOGRÁFICO
Nombre geográfico Cuba-
Subdivisión general Historia-
Subdivisión cronológica 1868-1878, Guerra de los Diez Años.
9 (RLIN) 8103
700 1# - ENTRADA AGREGADA--NOMBRE PERSONAL
Nombre de persona Elduayen, José.
9 (RLIN) 46917
710 1# - ENTRADA AGREGADA--NOMBRE DE ENTIDAD CORPORATIVA
Nombre de entidad corporativa o nombre de jurisdicción como elemento de entrada España.
Unidad subordinada Cortes Generales.
-- Congreso.
9 (RLIN) 3671
852 ## - LOCALIZACIÓN
Ubicación ES-MaACL
Número de control de estantería T-594-F-4
Nota libre - Enc. hol., conservando la enc. original
856 ## - LOCALIZACIÓN Y ACCESO ELECTRÓNICOS
Identificador Uniforme de Recursos <a href="http://www.bibliotecavirtualdeandalucia.es/catalogo/es/consulta/registro.do?id=8293">http://www.bibliotecavirtualdeandalucia.es/catalogo/es/consulta/registro.do?id=8293</a>
Nota pública Biblioteca Virtual de Andalucía
856 ## - LOCALIZACIÓN Y ACCESO ELECTRÓNICOS
Identificador Uniforme de Recursos <a href="http://hdl.handle.net/10347/17998 ">http://hdl.handle.net/10347/17998 </a>
Nota pública Repositorio Institucional da Universidade de Santiago de Compostela
856 ## - LOCALIZACIÓN Y ACCESO ELECTRÓNICOS
Identificador Uniforme de Recursos <a href="http://hdl.handle.net/11169/15767 ">http://hdl.handle.net/11169/15767 </a>
Nota pública Biblioteca Digital Floridablanca
Holdings
Estatus retirado Estado de pérdida Estado de daño No para préstamo Colección Biblioteca de origen Biblioteca actual Ubicación en estantería Fecha de adquisición Total de préstamos Signatura topográfica completa Código de barras Visto por última vez Precio de reemplazo Tipo de ítem Koha
        Colección de folletos Biblioteca del Ateneo de Madrid Biblioteca del Ateneo de Madrid Depósito folletos 17/01/2008   T-594-F-4 1159782 23/02/2023 23/02/2023 Folleto